| 000 | 01840nam a2200409 i 4500 | ||
|---|---|---|---|
| 003 | EG-ScBUE | ||
| 005 | 20240213143115.0 | ||
| 008 | 170702s2005 ua f 000 0dara d | ||
| 040 |
_aEG-ScBUE _bara _erda _cEG-ScBUE _dEG-ScBUE |
||
| 043 | _af-ua--- | ||
| 082 | 0 | 4 |
_a962.02 _bإ ي ا _222 |
| 100 | 1 |
_aابن إياس، _d1448-حو. 1524، _eمؤلف. |
|
| 245 | 1 | 0 |
_aبدائع الزهور في وقائع الدهور / _cتأليف محمد بن أحمد بن إياس الحنفي المصري. |
| 250 | _aالطبعة الأولى. | ||
| 264 | 1 |
_aالقاهرة : _bمكتبة مدبولي، _c2005. |
|
| 300 |
_a2 مجلد ؛ _c24 سم |
||
| 336 |
_2rdacontent _aنص _btxt |
||
| 337 |
_aبدون وسيط _2rdamedia _bn |
||
| 338 |
_aمجلد _bnc _2rdacarrier |
||
| 505 | 0 | _aالمجلد الأول -- المجلد الثاني. | |
| 541 | _aإهداء من ا. محمد فريد خميس. | ||
| 590 | _aWessam | ||
| 650 | _2BUEsh | ||
| 651 | 7 |
_aمصر _xتاريخ _yعصر الولاة 640-868 م. _2BUEsh |
|
| 651 | 7 |
_aمصر _xتاريخ _yعصر صدر الإسلام. _2BUEsh |
|
| 651 | 7 |
_aمصر _xتاريخ _yالعصر الإسلامي. _2BUEsh _922158 |
|
| 651 | 7 |
_aمصر _xتاريخ _yالعصر الفاطمي 969-1171 م. _2BUEsh _921649 |
|
| 651 | 7 |
_aمصر _xتاريخ _yالعصر الطولوني 868-950 م. _2BUEsh |
|
| 651 | 7 |
_aمصر _xتاريخ _yالعصر الأموي. _2BUEsh |
|
| 651 | 7 |
_aمصر _xتاريخ _yالعصر الأيوبي 1171-1250م. _2BUEsh |
|
| 651 | 7 |
_aمصر _xتاريخ _yالعصر الإخشيدي 943-969 م. _2BUEsh |
|
| 651 | 7 |
_aمصر _xتاريخ _yعصر المماليك 1250-1517 م. _2BUEsh _929254 |
|
| 651 | 7 |
_aمصر _xتاريخ _yالعصر العثمانى 1517-1914 م. _2BUEsh _931119 |
|
| 653 |
_bGGEN _bBUSBOL _cJuly2017 |
||
| 655 | _vReading book | ||
| 942 | _2ddc | ||
| 999 |
_c24963 _d24935 |
||